| 000 | 01207nam a2200277 a 4500 | ||
|---|---|---|---|
| 003 | OSt | ||
| 005 | 20231023091136.0 | ||
| 007 | cr ||||||a|c|a | ||
| 008 | 230710s2023 mx a||lfom||| 001 0 spa d | ||
| 040 | _erda | ||
| 100 | 1 |
_9187548 _aHernández García, Flor |
|
| 245 | 1 | 0 |
_aComparación de cuatro métodos para la producción forzada de mango (Mangifera indica L.) cv. Tommy Atkins / _cpor Flor Hernández García ; director de tesis Carlos Sánchez Abarca. |
| 264 | 1 |
_aChapingo, México : _bEl autor, _c2023. |
|
| 300 |
_a1 recurso en línea (64 páginas): _bcuadros, figuras. |
||
| 336 |
_2rdacontent _atexto _btxt |
||
| 337 |
_2rdamedia _acomputadora _bc |
||
| 338 |
_2rdacarrier _arecurso en línea _bcr |
||
| 502 |
_bIAEF _cFitotecnia _d2023. _gLIC |
||
| 504 | _aIncluye referencias bibliográficas: páginas 59-64. | ||
| 650 | 4 |
_970455 _aMango _xRendimiento |
|
| 650 | 4 |
_970419 _aMango _xFloración |
|
| 650 | 4 |
_9131429 _aReguladores de crecimiento de las plantas _xAnálisis |
|
| 700 | 1 |
_9107301 _aSánchez Abarca, Carlos _eDirector de tesis. |
|
| 856 |
_uhttp://10.13.5.2/tesis/tl/1011862-8_Hernandez-Garcia_Flor-1.pdf _yDESCARGAR PDF |
||
| 942 |
_2Clasificación Universidad Autónoma Chapingo _cTD |
||
| 999 |
_c219017 _d219017 |
||